[Event "Rated Blitz tournament bnbuUZFR"]
[Site "?"]
[Date "2021.05.30"]
[Round "?"]
[White "Micha2325"]
[Black "Maltinho"]
[Result "0-1"]
[WhiteElo "2278"]
[BlackElo "2536"]
[PlyCount "66"]
[EventDate "2021.??.??"]
[EventType "blitz"]

1. e4 e5 2. Nf3 d5 3. exd5 Bd6 4. d4 e4 5. Ne5 Nf6 6. Nc4 Nxd5 7. Nxd6+ Qxd6 8.
c4 Nf6 9. Nc3 O-O 10. Be2 Nc6 11. Be3 Bf5 12. O-O Rad8 13. h3 Nxd4 14. Bxd4
Qxd4 15. Nb5 Qc5 16. Qb3 a6 17. Nc3 b6 18. Rac1 e3 19. fxe3 Qxe3+ 20. Kh1 Bg6
21. Rc2 Bxc2 22. Qxc2 Rd2 23. Qf5 Rxe2 24. Nxe2 Qxe2 25. Rf2 Qe6 26. Qd3 c5 27.
Re2 Qd7 28. Qf3 h6 29. g4 Qd4 30. Rg2 Rd8 31. Kh2 Qe5+ 32. Kh1 Qe4 33. Qf2 Rd1+
{Normal} 0-1

[Event "Rated Blitz game"]
[Site "?"]
[Date "2021.05.30"]
[Round "?"]
[White "russo11"]
[Black "GoughPhar"]
[Result "1-0"]
[WhiteElo "2360"]
[BlackElo "2468"]
[PlyCount "70"]
[EventDate "2021.??.??"]
[EventType "blitz"]

1. e4 e5 2. Nf3 d5 3. exd5 e4 4. Qe2 Nf6 5. d3 Qxd5 6. Nfd2 Be7 7. Nc3 Qa5 8.
Ndxe4 O-O 9. Be3 Nc6 10. O-O-O Be6 11. Kb1 Nb4 12. a3 Nbd5 13. Nxd5 Nxd5 14.
Bd2 Qb6 15. Ka1 a5 16. c4 Nb4 17. Bc3 Rfd8 18. Kb1 Nc6 19. Qe3 Bc5 20. Qxc5 Qb3
21. Rc1 Nb4 22. axb4 axb4 23. Qxb4 Qa2+ 24. Kc2 b5 25. Qxb5 Rab8 26. Qg5 Qb3+
27. Kd2 g6 28. Nf6+ Kf8 29. Nxh7+ Ke8 30. Nf6+ Kf8 31. Be2 Qxc4 32. Rhd1 Bf5
33. Ke1 Bxd3 34. Nh7+ Kg8 35. Qf6 Qxc3+ {Normal} 1-0

[Event "Rated Blitz game"]
[Site "?"]
[Date "2021.05.30"]
[Round "?"]
[White "ehud50"]
[Black "mirekkk14"]
[Result "0-1"]
[WhiteElo "2478"]
[BlackElo "2384"]
[PlyCount "94"]
[EventDate "2021.??.??"]
[EventType "blitz"]

1. e4 e5 2. Nf3 d5 3. Nxe5 dxe4 4. d4 exd3 5. Nxd3 Nf6 6. Be2 Bd6 7. Bg5 h6 8.
Bh4 Bf5 9. Nc3 Nbd7 10. Bg3 Bxg3 11. hxg3 O-O 12. Qd2 c6 13. O-O-O b5 14. Bf3
Qb6 15. Rxh6 gxh6 16. Qxh6 c5 17. Rh1 Nh7 18. Qf4 Qg6 19. Nd5 Rfe8 20. Nc7 Rac8
21. Nxe8 Rxe8 22. Bc6 Bxd3 23. Bxd7 Rd8 24. Qc7 Qb6 25. Qe5 Rxd7 26. Qe8+ Kg7
27. Qxd7 Bg6 28. Rd1 Nf6 29. Qd6 Ne4 30. Qf4 c4 31. f3 Nf6 32. g4 Qe6 33. g5
Nd5 34. Qd4+ Kg8 35. Rh1 Qe3+ 36. Qxe3 Nxe3 37. g3 Kg7 38. Re1 Nxc2 39. Re7 a5
40. Rb7 b4 41. Rb5 b3 42. axb3 cxb3 43. Rxa5 Nd4 44. f4 Ne2+ 45. Kd2 Nxg3 46.
Rb5 Nf5 47. Rxb3 Nd4 {Time forfeit} 0-1

[Event "Rated Blitz tournament 9OMGYlYB"]
[Site "?"]
[Date "2021.05.30"]
[Round "?"]
[White "abubakertagelsir"]
[Black "gmmds2694"]
[Result "0-1"]
[WhiteElo "2401"]
[BlackElo "2569"]
[PlyCount "154"]
[EventDate "2021.??.??"]
[EventType "blitz"]

1. e4 e5 2. Nf3 d5 3. d4 dxe4 4. Nxe5 Bd6 5. Nc4 Nf6 6. Be2 O-O 7. Nxd6 Qxd6 8.
c4 Nc6 9. Be3 Rd8 10. d5 Ne5 11. O-O Neg4 12. g3 Nxe3 13. fxe3 Bh3 14. Rf4 c6
15. Nc3 Qe5 16. Qd4 Qxd4 17. exd4 cxd5 18. cxd5 Nxd5 19. Rxe4 Nf6 20. Rf4 Be6
21. Rd1 Rac8 22. Bf3 Nd5 23. Bxd5 Bxd5 24. Rd2 f6 25. Rf1 Kf7 26. Re1 Be6 27.
Rde2 Re8 28. d5 Bd7 29. Kf2 Rxe2+ 30. Rxe2 Re8 31. Rxe8 Kxe8 32. Ke3 Ke7 33.
Kd4 Bh3 34. Ne4 b6 35. Nf2 Bg2 36. Ng4 g6 37. Ne3 Bf3 38. a4 Kd7 39. a5 h5 40.
axb6 axb6 41. Nc4 Kc7 42. b4 g5 43. Ne3 Kd7 44. h4 Bh1 45. Nf5 Bf3 46. Ng7 Bg4
47. Ke4 Ke7 48. Nf5+ Kd7 49. Ne3 Bh3 50. Kd4 Kd6 51. Nc4+ Kc7 52. Nd2 Bg2 53.
Ne4 Bxe4 54. Kxe4 Kd6 55. Kf5 gxh4 56. gxh4 Kxd5 57. Kg6 Kc4 58. Kxh5 Kxb4 59.
Kg6 b5 60. h5 Ka3 61. h6 b4 62. h7 b3 63. h8=Q b2 64. Qa8+ Kb3 65. Qb7+ Kc2 66.
Qg2+ Kc1 67. Qf1+ Kc2 68. Qc4+ Kd2 69. Qb4+ Kc1 70. Qc3+ Kb1 71. Kxf6 Ka2 72.
Qa5+ Kb1 73. Ke5 Kc2 74. Qe1 b1=Q 75. Qe4+ Kc1 76. Qe1+ Kb2 77. Qb4+ Ka1 {
Time forfeit} 0-1

[Event "Rated Blitz tournament HbGpH8wg"]
[Site "?"]
[Date "2021.05.30"]
[Round "?"]
[White "Lioni26"]
[Black "om_gendut"]
[Result "0-1"]
[WhiteElo "2421"]
[BlackElo "2413"]
[PlyCount "112"]
[EventDate "2021.??.??"]
[EventType "blitz"]

1. e4 e5 2. Nf3 d5 3. exd5 e4 4. Ne5 Qxd5 5. d4 exd3 6. Nxd3 Nf6 7. Nc3 Qe6+ 8.
Be2 Bd6 9. O-O O-O 10. Bf3 Nbd7 11. Re1 Qf5 12. Be3 Ne5 13. Nxe5 Qxe5 14. g3
Re8 15. Bd4 Qxe1+ 16. Qxe1 Rxe1+ 17. Rxe1 Kf8 18. Nb5 a6 19. Nxd6 cxd6 20. Bc3
Rb8 21. Bb4 Ne8 22. a4 Bd7 23. a5 Bc6 24. Kg2 Rc8 25. c3 Rc7 26. h4 Bxf3+ 27.
Kxf3 Re7 28. Rd1 Rd7 29. g4 Ke7 30. g5 Nc7 31. Ke4 g6 32. c4 Ke6 33. f4 d5+ 34.
cxd5+ Nxd5 35. Rd4 f5+ 36. Kf3 Rc7 37. Bf8 Rc2 38. Rd3 Rxb2 39. Rd1 Rb3+ 40.
Kf2 Nxf4 41. Re1+ Kf7 42. Re7+ Kxf8 43. Rxh7 Kg8 44. Rc7 Nd5 45. Rd7 Nf4 46.
Rd6 Kf7 47. Rf6+ Kg7 48. Rd6 Rb5 49. Kf3 Nh5 50. Rd7+ Kf8 51. Rc7 Rxa5 52. Ke3
Rb5 53. Kd4 Ng7 54. Rc8+ Ne8 55. Rc7 Nxc7 56. h5 gxh5 {Time forfeit} 0-1

[Event "Rated Blitz tournament 9OMGYlYB"]
[Site "?"]
[Date "2021.05.30"]
[Round "?"]
[White "BorchisChess"]
[Black "gmmds2694"]
[Result "0-1"]
[WhiteElo "2353"]
[BlackElo "2575"]
[PlyCount "49"]
[EventDate "2021.??.??"]
[EventType "blitz"]

1. e4 e5 2. Nf3 d5 3. exd5 Bd6 4. Nc3 f5 5. d3 Nf6 6. Qe2 O-O 7. Bg5 h6 8. Bxf6
Qxf6 9. O-O-O a6 10. Kb1 b5 11. a3 Nd7 12. h4 Rb8 13. g4 b4 14. g5 Qe7 15. axb4
Bxb4 16. Na2 Ba3 17. b3 Nc5 18. Nd2 Bb7 19. gxh6 Bxd5 20. Rg1 Rf7 21. Rxg7+
Rxg7 22. hxg7 Qxg7 23. c4 e4 24. Nxe4 Rxb3+ 25. Kc2 {Normal} 0-1

[Event "Rated Blitz game"]
[Site "?"]
[Date "2021.05.30"]
[Round "?"]
[White "NormWeinstein"]
[Black "Chesspirate_Channel"]
[Result "1-0"]
[WhiteElo "2476"]
[BlackElo "2401"]
[PlyCount "121"]
[EventDate "2021.??.??"]
[EventType "blitz"]

1. e4 e5 2. Nf3 d5 3. d4 dxe4 4. Nxe5 Bd6 5. Bf4 Nf6 6. Be2 Nc6 7. O-O Qe7 8.
Bb5 O-O 9. Bxc6 bxc6 10. Nxc6 Qe6 11. Bxd6 cxd6 12. d5 Qd7 13. Nc3 Bb7 14. Na5
Ba6 15. Re1 Rfe8 16. Qd4 Qf5 17. h3 h6 18. Rad1 Bc8 19. Nc4 Qg6 20. Kh2 e3 21.
Nxe3 Ba6 22. Rd2 Rac8 23. Qxa7 Bc4 24. Qd4 Re5 25. Red1 Ba6 26. Ng4 Rc4 27.
Nxf6+ Qxf6 28. Qd3 Ra4 29. Qf3 Rf4 30. Qg3 Ref5 31. Qe3 Rxf2 32. Rxf2 Rxf2 33.
Ne4 Qf4+ 34. Qg3 Bf1 35. Nxf2 Qc4 36. b3 Qa6 37. c4 Be2 38. Rd2 Bh5 39. Ne4 Bg6
40. Qf4 Qa5 41. Rf2 Qe1 42. Nxd6 Qe7 43. Nxf7 Bxf7 44. Qxf7+ Qxf7 45. Rxf7 Kxf7
46. a4 Ke7 47. a5 Kd6 48. a6 Kc7 49. b4 Kb6 50. b5 Ka7 51. c5 Kb8 52. d6 Kc8
53. c6 Kd8 54. b6 Ke8 55. c7 Kf7 56. c8=Q Kg6 57. Qg4+ Kh7 58. Qf5+ g6 59. Qf7+
Kh8 60. d7 h5 61. d8=Q# {Normal} 1-0

[Event "Rated Blitz game"]
[Site "?"]
[Date "2021.05.30"]
[Round "?"]
[White "varaman"]
[Black "Chesspirate_Channel"]
[Result "0-1"]
[WhiteElo "2410"]
[BlackElo "2409"]
[PlyCount "72"]
[EventDate "2021.??.??"]
[EventType "blitz"]

1. e4 e5 2. Nf3 d5 3. exd5 e4 4. Nd4 Qxd5 5. Nb3 Nc6 6. Nc3 Qe5 7. Qe2 Nf6 8.
d3 exd3 9. Qxe5+ Nxe5 10. cxd3 Bf5 11. d4 Nc6 12. d5 Nb4 13. Nd4 Bd7 14. a3
Nbxd5 15. Nxd5 Nxd5 16. Bc4 Nb6 17. Ba2 c5 18. Ne2 O-O-O 19. O-O Bb5 20. Nc3
Bxf1 21. Kxf1 f6 22. Nb5 a6 23. Be6+ Nd7 24. Nc3 Bd6 25. Be3 Kb8 26. Rd1 Ne5
27. Ne4 Be7 28. Rc1 Nd3 29. Rc2 g6 30. Ke2 f5 31. Ng5 f4 32. Nf7 fxe3 33. Nxd8
Rxd8 34. Kxe3 Ne5 35. f4 Nc6 36. h3 Nd4 {Normal} 0-1

[Event "Rated Blitz game"]
[Site "?"]
[Date "2021.05.30"]
[Round "?"]
[White "suslik76"]
[Black "blastol"]
[Result "1-0"]
[WhiteElo "2443"]
[BlackElo "2418"]
[PlyCount "39"]
[EventDate "2021.??.??"]
[EventType "blitz"]

1. e4 e5 2. Nf3 d5 3. exd5 Bd6 4. d4 e4 5. Qe2 Nf6 6. c4 O-O 7. Ne5 Re8 8. Bf4
Nbd7 9. Nc3 Bxe5 10. dxe5 Nc5 11. Qe3 Nh5 12. Bg5 f6 13. exf6 Nd3+ 14. Bxd3
exd3 15. f7+ Kxf7 16. Bxd8 Rxe3+ 17. fxe3 Bg4 18. Rf1+ Ke8 19. Bh4 h6 20. h3 {
Normal} 1-0

[Event "Rated Blitz tournament uuWgpKJw"]
[Site "?"]
[Date "2021.05.30"]
[Round "?"]
[White "SannikovGrigoriy"]
[Black "le180878na"]
[Result "1-0"]
[WhiteElo "2599"]
[BlackElo "2295"]
[PlyCount "53"]
[EventDate "2021.??.??"]
[EventType "blitz"]

1. e4 e5 2. Nf3 d5 3. Nxe5 Be6 4. exd5 Bxd5 5. d4 Bd6 6. Bd3 Nf6 7. O-O O-O 8.
Bg5 h6 9. Bh4 Nc6 10. Nxc6 Bxc6 11. Nd2 Re8 12. c3 g5 13. Bg3 Bxg3 14. hxg3 Qd5
15. f3 Re3 16. Be4 Nxe4 17. fxe4 Qd6 18. d5 Rd8 19. Rf3 Qc5 20. Kh2 Bb5 21. b4
Qxc3 22. Rc1 Qd3 23. Rxc7 Re8 24. Rfxf7 Rxg3 25. Qh5 Rxg2+ 26. Kxg2 Qxd2+ 27.
Rf2 {Normal} 1-0

[Event "Rated Blitz game"]
[Site "?"]
[Date "2021.05.30"]
[Round "?"]
[White "AlexIwanowitschL"]
[Black "KinzyabulatovRenat"]
[Result "1-0"]
[WhiteElo "2424"]
[BlackElo "2377"]
[PlyCount "45"]
[EventDate "2021.??.??"]
[EventType "blitz"]

1. e4 e5 2. Nf3 d5 3. Nxe5 Bd6 4. d4 dxe4 5. Bb5+ c6 6. Bc4 Bxe5 7. dxe5 Qxd1+
8. Kxd1 Nd7 9. e6 fxe6 10. Bxe6 Nb6 11. Bxc8 Rxc8 12. Nd2 Nf6 13. Re1 O-O 14.
b3 Rcd8 15. Bb2 Nbd5 16. a3 b5 17. Kc1 a5 18. Bd4 Rde8 19. Bc5 Rf7 20. Kb2 h5
21. h3 h4 22. g3 Kh7 23. Re2 {Time forfeit} 1-0

[Event "Rated Blitz tournament HbGpH8wg"]
[Site "?"]
[Date "2021.05.30"]
[Round "?"]
[White "amirkhanlou38"]
[Black "om_gendut"]
[Result "1/2-1/2"]
[WhiteElo "2327"]
[BlackElo "2424"]
[PlyCount "166"]
[EventDate "2021.??.??"]
[EventType "blitz"]

1. e4 e5 2. Nf3 d5 3. d4 dxe4 4. Nxe5 Bd6 5. Qh5 g6 6. Qe2 Qe7 7. Nc3 Bxe5 8.
Nd5 Qe6 9. Qxe4 Bd6 10. f3 f5 11. Qe2 Qxe2+ 12. Bxe2 Be6 13. Nc3 Nf6 14. Bg5
Kf7 15. O-O-O c6 16. d5 Nxd5 17. Nxd5 Bxd5 18. c4 h6 19. Be3 Re8 20. cxd5 Rxe3
21. dxc6 Nxc6 22. Bc4+ Ke7 23. Rhe1 Rxe1 24. Rxe1+ Kd7 25. Re6 Ne5 26. Bb3 Re8
27. Rf6 Be7 28. Ba4+ Nc6 29. Rxg6 a6 30. Bc2 Bg5+ 31. f4 Bxf4+ 32. Kb1 Bxh2 33.
Bxf5+ Kc7 34. a3 Bf4 35. Rg4 Bg5 36. Bg6 Re5 37. Bc2 Re1+ 38. Ka2 Re7 39. Bb3
Ne5 40. Re4 Nc6 41. Rc4 Rd7 42. Rc2 Rd6 43. Ba4 Kb6 44. Bb3 Nd4 45. Rc3 Nxb3
46. Rxb3+ Kc7 47. Rh3 Rc6 48. b4 Rc2+ 49. Kb3 Rxg2 50. Rd3 Rd2 51. Rf3 Rd7 52.
Ka4 Kd8 53. b5 Kc7 54. Rc3+ Kb6 55. Rf3 Rd4+ 56. Kb3 axb5 57. Rf7 Kc5 58. Rh7
Rd6 59. Ka2 Kb6 60. Rh8 Rc6 61. a4 Rc2+ 62. Kb3 Rc6 63. a5+ Kxa5 64. Ra8+ Kb6
65. Rh8 Rc5 66. Rh7 Rc7 67. Rh8 Rc6 68. Rxh6 Rxh6 69. Kc3 Rc6+ 70. Kb4 Be7+ 71.
Kb3 Bc5 72. Kc2 Rc7 73. Kb3 Kc6 74. Kc2 b6 75. Kb3 Ra7 76. Kc2 Ra5 77. Kb3 Ra4
78. Kc2 Rc4+ 79. Kb1 Kd5 80. Ka2 b4 81. Kb1 Bd4 82. Ka2 Kc5 83. Kb1 b3 {Normal}
1/2-1/2

[Event "Rated Blitz game"]
[Site "?"]
[Date "2021.05.30"]
[Round "?"]
[White "templario77"]
[Black "annaly1979"]
[Result "0-1"]
[WhiteElo "2536"]
[BlackElo "2431"]
[PlyCount "22"]
[EventDate "2021.??.??"]
[EventType "blitz"]

1. e4 e5 2. Nf3 d5 3. Nc3 dxe4 4. Nxe4 f5 5. Nxe5 fxe4 6. Qh5+ g6 7. Nxg6 hxg6
8. Qxh8 Be6 9. d3 Qe7 10. dxe4 Bg7 11. Bg5 Qb4+ {Normal} 0-1

[Event "Rated Blitz tournament HWIB9OSV"]
[Site "?"]
[Date "2021.05.30"]
[Round "?"]
[White "Gelkand"]
[Black "EugenTripolsky"]
[Result "1-0"]
[WhiteElo "2260"]
[BlackElo "2419"]
[PlyCount "97"]
[EventDate "2021.??.??"]
[EventType "blitz"]

1. e4 e5 2. Nf3 d5 3. d4 dxe4 4. Nxe5 Bd6 5. Nc4 Nf6 6. Nc3 O-O 7. Bg5 Re8 8.
Nxd6 Qxd6 9. Be2 Nc6 10. Be3 Rd8 11. O-O Nxd4 12. Bxd4 Qxd4 13. Nb5 Qxd1 14.
Raxd1 Rxd1 15. Rxd1 Bd7 16. Nxc7 Rc8 17. Nd5 Nxd5 18. Rxd5 Be6 19. Rd2 Kf8 20.
b3 Rc3 21. Kf1 Ke7 22. Bd1 f5 23. g3 g5 24. h4 h6 25. hxg5 hxg5 26. Rd4 Kf6 27.
g4 Ke5 28. Rb4 b6 29. gxf5 Bxf5 30. Rb5+ Kf4 31. Ke2 Rf3 32. Rd5 Rh3 33. c4
Bg4+ 34. Kd2 Bxd1 35. Kxd1 Rh2 36. Ke1 Rh1+ 37. Ke2 Rh2 38. Rd7 e3 39. Rf7+ Ke5
40. Kxe3 Rh3+ 41. Rf3 g4 42. Rxh3 gxh3 43. Kf3 a5 44. Kg3 Ke4 45. Kxh3 Kf3 46.
a3 Kxf2 47. b4 axb4 48. axb4 Ke3 49. c5 {Normal} 1-0

[Event "Rated Blitz tournament sbdUMgjJ"]
[Site "?"]
[Date "2021.05.30"]
[Round "?"]
[White "kasparicy"]
[Black "Korshun_2022"]
[Result "1-0"]
[WhiteElo "2303"]
[BlackElo "2409"]
[PlyCount "95"]
[EventDate "2021.??.??"]
[EventType "blitz"]

1. e3 d6 2. e4 e5 3. Nf3 d5 4. exd5 e4 5. Nd4 Qxd5 6. Nb3 Nf6 7. Nc3 Qf5 8.
Bb5+ c6 9. Bc4 Qg6 10. Qe2 Qxg2 11. Rf1 Bg4 12. Qe3 Nbd7 13. d3 O-O-O 14. dxe4
Re8 15. f3 Bb4 16. Bd2 Ne5 17. Be2 Bxc3 18. Bxc3 Bh3 19. O-O-O Kb8 20. Rg1 Qxh2
21. Rh1 Qg3 22. Rdg1 Neg4 23. Rxg3 Nxe3 24. Rgxh3 Ned5 25. exd5 Rxe2 26. dxc6
Nd5 27. Bxg7 Rhe8 28. Rxh7 bxc6 29. Rh8 Kb7 30. Rxe8 Rxe8 31. Rh8 Re2 32. Rh7
Ne3 33. Nd4 Rf2 34. Bh6 Nf1 35. Rxf7+ Kb6 36. b3 Kc5 37. Bg7 Rg2 38. Kb2 Ne3
39. Rc7 Nd1+ 40. Ka3 Kd5 41. c4+ Kd6 42. Rxc6+ Kd7 43. Be5 Nc3 44. Rd6+ Ke7 45.
f4 Rxa2+ 46. Kb4 a5+ 47. Kxc3 Ra3 48. Re6+ {Time forfeit} 1-0

[Event "Rated Blitz game"]
[Site "?"]
[Date "2021.05.30"]
[Round "?"]
[White "divergent_twin"]
[Black "annaly1979"]
[Result "1-0"]
[WhiteElo "2552"]
[BlackElo "2426"]
[PlyCount "39"]
[EventDate "2021.??.??"]
[EventType "blitz"]

1. e4 e5 2. Nf3 d5 3. Nxe5 Qe7 4. d4 f6 5. Ng4 Nc6 6. Ne3 Qxe4 7. c3 Nge7 8.
Bd3 Qh4 9. Qf3 h5 10. h3 Bg4 11. Qf4 O-O-O 12. Nd2 Rh6 13. Nf3 g5 14. Nxh4 gxf4
15. hxg4 hxg4 16. Nxg4 Rh8 17. Bxf4 f5 18. Ne5 Kb8 19. O-O-O Bg7 20. Nf7 {
Normal} 1-0

[Event "Rated Blitz tournament bnbuUZFR"]
[Site "?"]
[Date "2021.05.30"]
[Round "?"]
[White "Poltavets_Danyl"]
[Black "Maltinho"]
[Result "0-1"]
[WhiteElo "2308"]
[BlackElo "2538"]
[PlyCount "130"]
[EventDate "2021.??.??"]
[EventType "blitz"]

1. e4 e5 2. Nf3 d5 3. exd5 Bd6 4. d4 e4 5. Qe2 Nf6 6. Nc3 O-O 7. Nd2 Re8 8. g3
Bg4 9. Qe3 c6 10. Bg2 cxd5 11. O-O Nc6 12. h3 Bh5 13. Nb5 Bb8 14. c4 a6 15. Nc3
dxc4 16. Nxc4 Nxd4 17. b3 Ba7 18. Qg5 Nf3+ 19. Bxf3 Bxf3 20. Be3 Bxe3 21. Nxe3
Qd4 22. Rac1 h6 23. Qf4 g5 24. Qf5 Qe5 25. Qxe5 Rxe5 26. Na4 Rae8 27. Rc5 Rxc5
28. Nxc5 Re7 29. Rc1 h5 30. b4 h4 31. Nb3 hxg3 32. fxg3 g4 33. hxg4 Nxg4 34.
Nxg4 Bxg4 35. Re1 f5 36. Nd4 Rd7 37. Ne6 Rd2 38. Nf4 Rxa2 39. Rd1 Rb2 40. Rd7
e3 41. Re7 Rb1+ 42. Kg2 Rb3 43. Nd5 Rb2+ 44. Kg1 e2 45. Nf6+ Kf8 46. Re3 Kf7
47. Nd5 Rb1+ 48. Kf2 Rf1+ 49. Kg2 e1=Q 50. Rxe1 Rxe1 51. Nf4 Re2+ 52. Kg1 Re3
53. Kf1 Rf3+ 54. Kg1 Rxg3+ 55. Kf1 Rf3+ 56. Ke1 Rxf4 57. Kd2 Rxb4 58. Kc2 a5
59. Kc1 b5 60. Kd2 a4 61. Kc1 Rb3 62. Kd2 a3 63. Ke1 a2 64. Kf2 a1=Q 65. Kg2
Qa2+ {Time forfeit} 0-1

[Event "Rated Blitz tournament sbdUMgjJ"]
[Site "?"]
[Date "2021.05.30"]
[Round "?"]
[White "kontraJako"]
[Black "dr_xStranger"]
[Result "1-0"]
[WhiteElo "2744"]
[BlackElo "2488"]
[PlyCount "103"]
[EventDate "2021.??.??"]
[EventType "blitz"]

1. e4 e5 2. Nf3 d5 3. d3 dxe4 4. dxe4 Qxd1+ 5. Kxd1 Nc6 6. Nfd2 Bg4+ 7. f3 Be6
8. c3 O-O-O 9. Kc2 a6 10. Bc4 Bxc4 11. Nxc4 b5 12. Ne3 Bc5 13. Re1 Nge7 14. Nd2
Rhf8 15. Nb3 Bb6 16. a4 b4 17. Nc4 Kb7 18. Be3 Bxe3 19. Rxe3 bxc3 20. bxc3 Ka7
21. Rd3 Rxd3 22. Kxd3 Rd8+ 23. Kc2 Ng6 24. g3 Nge7 25. Nc5 Nc8 26. Ne3 Nb6 27.
Rb1 Nd7 28. Nd3 Nb6 29. Ra1 f6 30. a5 Nd7 31. Nd5 Rc8 32. Ra4 Nf8 33. Nc5 Nd8
34. Rc4 Nfe6 35. Nxe6 Nxe6 36. Rc6 Re8 37. Nxc7 Rc8 38. Rxa6+ Kb7 39. Rxe6 Rxc7
40. Kb3 Rd7 41. Kb4 Ka7 42. c4 Rb7+ 43. Kc5 Rc7+ 44. Kd5 Rd7+ 45. Kc6 Rb7 46.
c5 g6 47. Rxf6 Rb1 48. Kc7 Rc1 49. c6 Rc5 50. Kd7 Ka6 51. c7+ Kxa5 52. c8=Q {
Normal} 1-0

[Event "Rated Blitz tournament sbdUMgjJ"]
[Site "?"]
[Date "2021.05.30"]
[Round "?"]
[White "GatoIsidoro"]
[Black "Torjaeger10"]
[Result "1-0"]
[WhiteElo "2331"]
[BlackElo "2418"]
[PlyCount "63"]
[EventDate "2021.??.??"]
[EventType "blitz"]

1. e4 e5 2. Nf3 d5 3. Nc3 d4 4. Ne2 Nc6 5. d3 Nf6 6. g3 h5 7. h4 Bg4 8. Bg2 Qd7
9. Bg5 Be7 10. Qd2 Ng8 11. O-O-O Qe6 12. Kb1 a5 13. c4 b5 14. Rc1 Nb4 15. a3 c5
16. Bxe7 Nxe7 17. Ng5 Qa6 18. f3 Bd7 19. f4 bxc4 20. Rxc4 Bb5 21. Rxc5 Bxd3+
22. Ka1 Bxe2 23. Rxe5 O-O 24. Rxe7 Rfc8 25. e5 Nc2+ 26. Kb1 Ne3 27. Bxa8 Qxa8
28. Rc1 Rxc1+ 29. Qxc1 Bd3+ 30. Ka2 Qd5+ 31. b3 Bc2 32. Re8# {Normal} 1-0

[Event "Rated Blitz game"]
[Site "?"]
[Date "2021.05.30"]
[Round "?"]
[White "AyUsHaDoLsOnOv"]
[Black "annaly1979"]
[Result "1-0"]
[WhiteElo "2542"]
[BlackElo "2433"]
[PlyCount "55"]
[EventDate "2021.??.??"]
[EventType "blitz"]

1. e4 e5 2. Nf3 d5 3. d4 dxe4 4. Nxe5 Bd6 5. Nc4 Nf6 6. Bg5 O-O 7. Nc3 Bf5 8.
Ne3 Bg6 9. h4 h6 10. h5 Bh7 11. Bh4 Nbd7 12. Qd2 a6 13. Bc4 b5 14. Bb3 c6 15.
g4 Bf4 16. Ne2 Bg5 17. Bxg5 hxg5 18. h6 g6 19. O-O-O a5 20. a4 Rb8 21. d5 bxa4
22. Bxa4 Nc5 23. Bxc6 Qb6 24. Nc4 Qc7 25. Qxg5 Nfd7 26. Qe3 Rb4 27. Qc3 Rfb8
28. Qg7# {Normal} 1-0

[Event "Rated Blitz tournament sbdUMgjJ"]
[Site "?"]
[Date "2021.05.30"]
[Round "?"]
[White "amzbkd"]
[Black "Korshun_2022"]
[Result "0-1"]
[WhiteElo "2408"]
[BlackElo "2401"]
[PlyCount "82"]
[EventDate "2021.??.??"]
[EventType "blitz"]

1. e4 e5 2. Nf3 d5 3. exd5 e4 4. Qe2 Nf6 5. d3 Qxd5 6. Nc3 Bb4 7. Bd2 Bxc3 8.
Bxc3 O-O 9. dxe4 Nxe4 10. Rd1 Qf5 11. Nd4 Qg6 12. Qe3 Nxc3 13. Qxc3 Re8+ 14.
Be2 c5 15. Qxc5 Qxg2 16. Kd2 Na6 17. Qc3 Qg5+ 18. Ke1 Bh3 19. Rd3 Bd7 20. Rg3
Qf6 21. Rhg1 g6 22. Re3 Rxe3 23. Qxe3 Re8 24. Qd2 Nc5 25. f3 Qh4+ 26. Kd1 Qxh2
27. Rf1 Bh3 28. Re1 Rd8 29. c3 Ne6 30. Bc4 Nxd4 31. Qxh2 Nxf3+ 32. Kc2 Nxh2 33.
Rh1 Nf3 34. Rxh3 Ne5 35. Bb3 Kg7 36. Re3 f6 37. a4 h5 38. Kb1 h4 39. Bc2 g5 40.
c4 g4 41. c5 g3 {Time forfeit} 0-1

[Event "Rated Blitz tournament bnbuUZFR"]
[Site "?"]
[Date "2021.05.30"]
[Round "?"]
[White "khojayan-vardan"]
[Black "Frutek"]
[Result "0-1"]
[WhiteElo "2466"]
[BlackElo "2584"]
[PlyCount "124"]
[EventDate "2021.??.??"]
[EventType "blitz"]

1. e4 e5 2. Nf3 d5 3. exd5 e4 4. Nd4 Qxd5 5. Nb3 Nf6 6. Nc3 Qd8 7. d4 Bb4 8.
Bd2 O-O 9. Be2 Re8 10. O-O Bd6 11. Be3 Nc6 12. Nb5 Ne7 13. Nxd6 Qxd6 14. c4 c6
15. d5 Nf5 16. c5 Qd8 17. d6 Be6 18. Nd4 Nxe3 19. fxe3 Bd5 20. Rc1 a5 21. Qe1
Nd7 22. a3 a4 23. Nf5 g6 24. Qg3 Re5 25. Nh6+ Kg7 26. Ng4 Re8 27. Bc4 f5 28.
Bxd5 cxd5 29. Nf2 Rc8 30. Nh3 Rxc5 31. Rxc5 Nxc5 32. Rxf5 Ne6 33. Rxd5 Rf8 34.
Qe5+ Qf6 35. Qxf6+ Rxf6 36. d7 Nd8 37. Nf4 Kf7 38. Rd4 Rc6 39. Rxe4 Rc1+ 40.
Kf2 Rc7 41. Kf3 Rxd7 42. Rxa4 Nc6 43. Rc4 Ne5+ 44. Ke4 Nxc4 45. Nd5 Nxb2 46.
Kd4 Nd1 47. e4 Nf2 48. e5 Ke6 49. Ke3 Rxd5 50. Ke2 Rxe5+ 51. Kxf2 Ra5 52. Kf3
Rxa3+ 53. Kf4 b5 54. Kg4 b4 55. Kg5 b3 56. g4 b2 57. h4 b1=Q 58. Kh6 Qc1+ 59.
g5 Qf4 60. h5 Qf8+ 61. Kxh7 Ra7+ 62. Kxg6 Qf5+ {Normal} 0-1

[Event "Rated Blitz game"]
[Site "?"]
[Date "2021.05.30"]
[Round "?"]
[White "Dabar1"]
[Black "mirekkk14"]
[Result "1-0"]
[WhiteElo "2470"]
[BlackElo "2386"]
[PlyCount "91"]
[EventDate "2021.??.??"]
[EventType "blitz"]

1. e4 e5 2. Nf3 d5 3. exd5 e4 4. Nd4 Qxd5 5. Nb5 Na6 6. N1c3 Qe5 7. Qe2 Nf6 8.
d3 Bb4 9. a3 Qxb5 10. axb4 Qxb4 11. dxe4 O-O 12. f3 Be6 13. Qb5 Qxb5 14. Bxb5
Nc5 15. Be3 Ncd7 16. Kf2 c6 17. Be2 a5 18. Rhd1 Rfd8 19. Rd6 Nf8 20. Rxd8 Rxd8
21. Rxa5 h6 22. Ra7 Bc8 23. Ra8 Ne6 24. Bb6 Re8 25. Na4 Bd7 26. Rxe8+ Bxe8 27.
Nc5 Nxc5 28. Bxc5 Bd7 29. h3 Be6 30. Ke3 g5 31. c4 Nd7 32. Bd6 f6 33. b3 Kf7
34. Kd4 h5 35. g4 h4 36. f4 Ke8 37. f5 Bf7 38. e5 fxe5+ 39. Bxe5 Ke7 40. Bf3
Kd8 41. Bd6 Ke8 42. c5 Kd8 43. b4 Kc8 44. Be2 Kd8 45. Bc4 Kc8 46. Bxf7 {Normal}
1-0

[Event "Rated Blitz tournament sbdUMgjJ"]
[Site "?"]
[Date "2021.05.30"]
[Round "?"]
[White "gsvc"]
[Black "dr_xStranger"]
[Result "1-0"]
[WhiteElo "2801"]
[BlackElo "2502"]
[PlyCount "191"]
[EventDate "2021.??.??"]
[EventType "blitz"]

1. e4 e5 2. Nf3 d5 3. Nxe5 Bd6 4. d4 dxe4 5. Bc4 Bxe5 6. Qh5 Qe7 7. Qxe5 Qxe5
8. dxe5 Nc6 9. Nc3 Nxe5 10. Bb3 Nf6 11. Bg5 Bf5 12. O-O-O c6 13. Bxf6 gxf6 14.
Rhe1 O-O 15. Nxe4 Bxe4 16. Rxe4 Rfd8 17. Rxd8+ Rxd8 18. f4 Ng6 19. g3 Kg7 20.
c3 Rd7 21. Bc2 Ne7 22. Re2 Nd5 23. Bf5 Rc7 24. Kc2 b5 25. Kd3 c5 26. Re8 Ne7
27. Bh3 f5 28. Rd8 Nc6 29. Rd6 Ne7 30. Bg2 Ng8 31. Bh3 Ne7 32. b3 h6 33. a3 Nc8
34. Rd5 Ne7 35. Rd8 Nc6 36. Rd6 Ne7 37. b4 cxb4 38. axb4 Rb7 39. Kd4 Nc8 40.
Rd5 Ne7 41. Rd6 Nc8 42. Rd8 Ne7 43. Kd3 Kf6 44. Rd6+ Kg7 45. Bg2 Rc7 46. Bf1
Rb7 47. Kc2 Kh7 48. Bd3 Kg7 49. Kb3 Kf8 50. Rxh6 Kg7 51. Rd6 Nc8 52. Rd5 a6 53.
Rxf5 Nd6 54. Rd5 Ne8 55. g4 Nf6 56. Re5 Rb8 57. g5 Nh5 58. f5 Nf4 59. f6+ Kf8
60. Be4 Rd8 61. h4 Ne2 62. Kc2 Nf4 63. Bf3 Ne6 64. h5 Kg8 65. g6 Nf8 66. Be4
fxg6 67. hxg6 Rd6 68. g7 Rxf6 69. gxf8=Q+ Kxf8 70. Rf5 Kf7 71. Rxf6+ Kxf6 72.
Bb7 Ke7 73. Bxa6 Kd6 74. Bxb5 Kc7 75. Bd3 Kb6 76. Kb3 Kc7 77. c4 Kd6 78. c5+
Kc7 79. Kc4 Kb8 80. Be4 Kc7 81. b5 Kc8 82. b6 Kb8 83. Kb5 Kc8 84. Ka6 Kd7 85.
Ka7 Ke6 86. b7 Ke5 87. b8=Q+ Kd4 88. Qd6+ Ke3 89. c6 Ke2 90. c7 Ke3 91. Bb7 Kf2
92. c8=Q Ke3 93. Qe8+ Kf2 94. Qf6+ Kg1 95. Qg8+ Kh2 96. Qh6# {Normal} 1-0

[Event "Rated Blitz game"]
[Site "?"]
[Date "2021.05.30"]
[Round "?"]
[White "Stealthx3d"]
[Black "annaly1979"]
[Result "0-1"]
[WhiteElo "2420"]
[BlackElo "2411"]
[PlyCount "54"]
[EventDate "2021.??.??"]
[EventType "blitz"]

1. e4 e5 2. Nf3 d5 3. exd5 e4 4. Nd4 c5 5. Nb3 f5 6. d3 Nf6 7. dxe4 fxe4 8. Bg5
Bf5 9. Nc3 Bd6 10. Bb5+ Nbd7 11. Bxf6 Qxf6 12. Bxd7+ Kxd7 13. Qe2 a6 14. O-O-O
Rhe8 15. h4 h5 16. f3 e3 17. g4 Bg6 18. Ne4 Bxe4 19. fxe4 Rxe4 20. gxh5 Qf2 21.
Qd3 Rxh4 22. Rhf1 c4 23. Qc3 Re8 24. Rxf2 exf2 25. Nd4 Bf4+ 26. Kb1 Be5 27. Qb3
cxb3 {Normal} 0-1